书目信息 |
| 题名: |
材料力学
|
|
| 作者: | 程嘉佩 主编 | |
| 分册: | ||
| 出版信息: | 北京 高等教育出版社 1982.12 |
|
| 页数: | 413页 | |
| 开本: | 20cm | |
| 丛书名: | ||
| 单 册: | ||
| 中图分类: | TH123 | |
| 科图分类: | ||
| 主题词: | 机械--计算 | |
| 电子资源: | ||
| ISBN: | 7-04-001745-8 | |
| 000 | 00594nam0 2200205 450 | |
| 001 | 0854451884 | |
| 005 | 20081008150942.97 | |
| 010 | @a7-04-001745-8@dCNY1.90 | |
| 100 | @a20081008d1982 km y0chiy0120 ea | |
| 101 | 0 | @achi |
| 102 | @aCN@b110000 | |
| 200 | 1 | @a材料力学@Acai liao li xue@f程嘉佩主编@Fcheng jia pei zhu bian |
| 210 | @a北京@c高等教育出版社@d1982.12 | |
| 215 | @a413页@d20cm | |
| 300 | @a中等专业学校试用教材 | |
| 606 | 0 | @a机械@x计算 |
| 690 | @aTH123@v4 | |
| 701 | 0 | @a程嘉佩@Acheng jia pei@4主编 |
| 801 | 0 | @aCN@b大连网信软件有限公司图书馆·11@c20081008 |
| 905 | @aBZT@dTH123@e2 | |
| 材料力学/程嘉佩主编.-北京:高等教育出版社,1982.12 |
| 413页;20cm |
| 中等专业学校试用教材 |
| ISBN 7-04-001745-8:CNY1.90 |
| ● |
| 相关链接 |
|
|
|
正题名:材料力学
索取号:TH123/2
 
预约/预借
| 序号 | 登录号 | 条形码 | 馆藏地/架位号 | 状态 | 备注 |
| 1 | 05643 | 201254338 | 中心书库中库/ 中库030架A面5列6层1/ [索取号:TH123/2] | 在馆 |